Automanažment podnikateľa (praktické rady nielen pre podnikateľov)
Guardado en:
| Autor principal: | |
|---|---|
| Formato: | Libro |
| Lenguaje: | eslovaco |
| Publicado: |
Bratislava
EPOS
2003
|
| Materias: | |
| Etiquetas: |
Sin Etiquetas, Sea el primero en etiquetar este registro!
|
MARC
| LEADER | 00000nam$a2200000$$$4500 | ||
|---|---|---|---|
| 001 | 0008469 | ||
| 005 | 20221207102919.7 | ||
| 020 | |a 80-8057-533-9 | ||
| 041 | 0 | |a slo | |
| 044 | |a SK | ||
| 245 | 1 | 0 | |a Automanažment podnikateľa |b (praktické rady nielen pre podnikateľov) |c Emil Burák |
| 264 | 1 | |a Bratislava |b EPOS |c 2003 | |
| 300 | |a 159 s. | ||
| 610 | 2 | 0 | |a manažment |
| 610 | 2 | 0 | |a podnikatelia |
| 610 | 2 | 0 | |a podnikanie |
| 610 | 2 | 0 | |a manažéri |
| 610 | 2 | 0 | |a etika |
| 610 | 2 | 0 | |a plán podnikateľský |
| 610 | 2 | 0 | |a zámery podnikateľské |
| 610 | 2 | 0 | |a zdroje materiálové |
| 610 | 2 | 0 | |a zdroje finančné cudzie |
| 610 | 2 | 0 | |a zdroje finančné vlastné |
| 610 | 2 | 0 | |a zdroje ľudské |
| 610 | 2 | 0 | |a hospodárenie podnikové |
| 610 | 2 | 0 | |a štýl pracovný |
| 610 | 2 | 0 | |a vzdelávanie permanentné |
| 610 | 2 | 0 | |a komunikácia manažérska |
| 610 | 2 | 0 | |a štýl životný |
| 100 | 1 | |a Burák, Emil | |